| 000 | 00647nam a2200253 4500 | ||
|---|---|---|---|
| 005 | 20160905194305.0 | ||
| 008 | 150311b xxu||||| |||| 00| 0 spa d | ||
| 041 | _aspa | ||
| 082 | _a972.86 B742c | ||
| 100 |
_aBosch, Juan _918313 |
||
| 245 | _aCosta Rica: interpretaciones históricas y geográficas | ||
| 260 | _aCosta Rica | ||
| 260 | _bFrancesa | ||
| 260 | _c2006 | ||
| 300 | _a80 páginas | ||
| 650 |
_aCOSTA RICA _918314 |
||
| 650 |
_aHISTORIA _943 |
||
| 650 |
_aGEOGRAFIA _91138 |
||
| 650 |
_aFIGEREZ FERRER, JOSÉ _918315 |
||
| 650 |
_aCENTROAMERICA _96744 |
||
| 650 |
_aPANAMA _96751 |
||
| 650 |
_aBELICE _918316 |
||
| 942 | _cBK | ||
| 999 |
_c3884 _d3884 |
||